Titres de chansons de Ray Ventura - Clic Quiz - Statistiques

Statistiques générales
  • Ce quiz a été pris 24 fois
  • Le résultat moyen est 18 sur 20
Statistiques - réponses
Hint Réponse % Correct
C'est ce qui fait son Charme
100%
Le général dort Debout
100%
Qu'est-ce qu'on attend pour être Heureux
100%
Tout va très bien, madame la Marquise
100%
Comme tout le Monde
100%
Ca vaut mieux que d'attraper la Scarlatine
100%
Après la pluie, le beau Temps
100%
Vive les Bananes
96%
C'est toujours ça de Pris
96%
Tiens tiens Tiens
96%
Siffler en Travaillant
96%
Le nez de Cléopâtre
92%
Les chemises de L'archiduchesse
88%
A la Mi-août
88%
Le chef d'orchestre n'aime pas la Musique
88%
La Grève de L'orchestre
75%
On ira pendre notre linge sur la ligne Siegfried
75%
Sur deux Notes
67%
Lambeth Walk
63%
Le refrain des chevaux de Bois
58%
Aucun quiz correspondant
Distribution des résultats
% des personnes avec chaque résultat
Percentile par nombre de réponses
Votre historique - résultats
Vous n’avez pas pris ce quiz